JPOP Groups Extreme - Statistics

General Stats
  • This quiz has been taken 51 times
    42 since last reset
  • The average score is 22 of 234
Answer Stats
Answer % Correct
≠ME
70%
YOASOBI
55%
AKB48
48%
BABY METAL
39%
JO1
39%
Snow Man
36%
Arashi
33%
EXILE
30%
NiziU
30%
Perfume
30%
W
30%
Creepy Nuts
27%
Mrs. GREEN APPLE
27%
AAA
24%
BE:FIRST
24%
HY
24%
Morning Musume
24%
B'z
21%
GIRLS²
21%
HKT48
21%
NMB48
21%
Nogizaka46
21%
Radwimps
21%
SKE48
21%
SMAP
21%
&TEAM
21%
ºC-ute
18%
FRUITS ZIPPER
18%
Hey! Say! JUMP
18%
INI
18%
One Ok Rock
18%
Six TONES
18%
XG
18%
DA PUMP
15%
DREAM
15%
GLAY
15%
Ikimono-gakari
15%
King Gnu
15%
KING & PRINCE
15%
L'Arc-en-Ciel
15%
=LOVE
15%
Momoiro Clover Z
15%
Mr. Children
15%
NGT48
15%
Phantom Siita
15%
Psychic Fever
15%
Sakurazaka46
15%
Timelesz
15%
V6
15%
WEST.
15%
X JAPAN
15%
Angerme
12%
Atarashii Gakko!
12%
Berryz Kobo
12%
BiS
12%
BiSH
12%
Bullet Train
12%
CUTIE STREET
12%
Dreams Come True
12%
E-Girls
12%
Every Little Thing
12%
GENERATIONS
12%
HANA
12%
Juice=Juice
12%
MAX
12%
Naniwa Danshi
12%
Porno Graffitti
12%
Southern All Stars
12%
SPEED
12%
SUPER EIGHT
12%
UVERworld
12%
ZARD
12%
back number
9%
BUMP OF CHICKEN
9%
DISH
9%
DXTEEN
9%
F5VE
9%
Fairies
9%
flumpool
9%
GReeeeN
9%
Idoling!!!
9%
Judy and Mary
9%
Kis-My-Ft2
9%
Little Glee Monster
9%
MAN WITH A MISSION
9%
Maximum the Hormone
9%
MAZZEL
9%
ME:I
9%
M-Flo
9%
M!LK
9%
NEWS
9%
Number_i
9%
Official HIGE DANdism
9%
Orange Range
9%
Sakanaction
9%
Sakura Gakuin
9%
Sandaime J Soul Brothers
9%
Sekai no Owari
9%
Shiritsu Ebisu Chuugaku
9%
STU48
9%
9nine
6%
Asian Kung-Fu Generation
6%
Band-Maid
6%
BEYOOOOONDS
6%
Canary Club
6%
CANDY TUNE
6%
Chemistry
6%
Ciao Bella Cinquetti
6%
Faky
6%
FEMM
6%
Flower
6%
Folder 5
6%
FUNKY MONKEY BABYS
6%
Gesu no Kiwami Otome
6%
globe
6%
Happiness
6%
Hinatazaka46
6%
iLiFE!
6%
KAT-TUN
6%
KinKi Kids
6%
Kobukuro
6%
Kobushi Factory
6%
LUNA SEA
6%
Macaroni Empitsu
6%
Melon Kinenbi
6%
Negicco
6%
OCHA NORMA
6%
Omoinotake
6%
PASSPO☆
6%
PINK CRES.
6%
PUFFY
6%
Remioromen
6%
SCANDAL
6%
SHISHAMO
6%
Shonan no Kaze
6%
Superfly
6%
SUPER☆GIRLS
6%
Sweet Steady
6%
The Blue Hearts
6%
The Oral Cigarettes
6%
Tokimeki Sendenbu
6%
Travis Japan
6%
Tsubaki Factory
6%
WAGAMAMARAKIA
6%
WaSuta
6%
WaT
6%
Whiteberry
6%
Yuzu
6%
04 Limited Sazabys
3%
A.B.C-Z
3%
Ae! Group
3%
AeLL.
3%
Alexandros
3%
Aqua Timez
3%
BANANALEMON
3%
Batten Girls
3%
Beboga!
3%
Bitter & Sweet
3%
BLUE ENCOUNT
3%
Boku ga Mitakatta Aozora
3%
bump.y
3%
CHAGE and ASKA
3%
ChoQMay
3%
Coconuts Musume
3%
Country Musume
3%
CYNHN
3%
Da-iCE
3%
Def Tech
3%
Dempagumi.inc
3%
Do As Infinite
3%
Dragon Ash
3%
EE Jump
3%
Elephant Kashimashi
3%
EXILE The Second
3%
Frederic
3%
Gliiico
3%
GO!GO!7188
3%
go!go!vanillas
3%
Guitar Wolf
3%
IMP.
3%
indigo la End
3%
IS:SUE
3%
Ketsumeishi
3%
KICK THE CAN CREW
3%
Kishidan
3%
LinQ
3%
LovendoR
3%
MAPLEZ
3%
Meme Tokyo
3%
Mihimaru GT
3%
Mongol800
3%
MYERA
3%
My Hair is Bad
3%
Niji no Conquistador
3%
N Zero
3%
Okamoto's
3%
Ongaku Gatas
3%
PassCode
3%
PRIKIL
3%
RADIO FISH
3%
Rip Slyme
3%
Rosy Chronicle
3%
Saucy Dog
3%
SDN48
3%
Sea☆A
3%
Sharam Q
3%
Sonar Pocket
3%
SPARKS GO GO
3%
Spitz
3%
StylipS
3%
Suchmos
3%
Suiyoubi no Campanella
3%
Sukima Switch
3%
Sumika
3%
Tackey & Tsubasa
3%
T&C Bomber
3%
TEAM SHACHI
3%
TOKIO
3%
Tokyo Girls' Style
3%
TRF
3%
TUBE
3%
Ulfuls
3%
UNICORN
3%
UNISON SQUARE GARDEN
3%
Up Up Girls (Kakko Kari)
3%
VAMPS
3%
Vanilla Beans
3%
V-u-den
3%
WANIMA
3%
W-inds
3%
X21
3%
YUION
3%
ZOCK
3%
Zone
3%
No matching quizzes found
Score Distribution
Percent of People with Each Score
Percentile by Number Answered
Your Score History
You have not taken this quiz since the last reset